|
|
|
|
| LEADER |
02097nam a22005535i 4500 |
| 001 |
978-1-137-56268-5 |
| 003 |
DE-He213 |
| 005 |
20160406151116.0 |
| 007 |
cr nn 008mamaa |
| 008 |
160103s2016 xxk| s |||| 0|eng d |
| 020 |
|
|
|a 9781137562685
|9 978-1-137-56268-5
|
| 024 |
7 |
|
|a 10.1007/978-1-137-56268-5
|2 doi
|
| 040 |
|
|
|d GrThAP
|
| 050 |
|
4 |
|a HD28-HD70
|
| 072 |
|
7 |
|a KJM
|2 bicssc
|
| 072 |
|
7 |
|a BUS041000
|2 bisacsh
|
| 082 |
0 |
4 |
|a 658
|2 23
|
| 100 |
1 |
|
|a Vries, Manfred F. R. Kets de.
|e author.
|
| 245 |
1 |
0 |
|a You Will Meet a Tall, Dark Stranger
|h [electronic resource] :
|b Executive Coaching Challenges /
|c by Manfred F. R. Kets de Vries.
|
| 264 |
|
1 |
|a London :
|b Palgrave Macmillan UK :
|b Imprint: Palgrave Macmillan,
|c 2016.
|
| 300 |
|
|
|a XIX, 99 p.
|b online resource.
|
| 336 |
|
|
|a text
|b txt
|2 rdacontent
|
| 337 |
|
|
|a computer
|b c
|2 rdamedia
|
| 338 |
|
|
|a online resource
|b cr
|2 rdacarrier
|
| 347 |
|
|
|a text file
|b PDF
|2 rda
|
| 490 |
1 |
|
|a INSEAD Business Press
|
| 520 |
|
|
|a Kets de Vries profiles a range of toxic executives the narcissist, psychopath, cold fish, obsessive-compulsive, and many more, offering coaches examples of interventions that have worked and those that haven't, to help coaches deal with difficult people and become more effective.
|
| 650 |
|
0 |
|a Business.
|
| 650 |
|
0 |
|a Public relations.
|
| 650 |
|
0 |
|a Management.
|
| 650 |
|
0 |
|a Leadership.
|
| 650 |
|
0 |
|a Organization.
|
| 650 |
|
0 |
|a Planning.
|
| 650 |
|
0 |
|a Personnel management.
|
| 650 |
|
0 |
|a Employees
|x Coaching of.
|
| 650 |
1 |
4 |
|a Business and Management.
|
| 650 |
2 |
4 |
|a Management.
|
| 650 |
2 |
4 |
|a Business Strategy/Leadership.
|
| 650 |
2 |
4 |
|a Organization.
|
| 650 |
2 |
4 |
|a Coaching.
|
| 650 |
2 |
4 |
|a Human Resource Management.
|
| 650 |
2 |
4 |
|a Corporate Communication/Public Relations.
|
| 710 |
2 |
|
|a SpringerLink (Online service)
|
| 773 |
0 |
|
|t Springer eBooks
|
| 776 |
0 |
8 |
|i Printed edition:
|z 9781349581337
|
| 830 |
|
0 |
|a INSEAD Business Press
|
| 856 |
4 |
0 |
|u http://dx.doi.org/10.1007/978-1-137-56268-5
|z Full Text via HEAL-Link
|
| 912 |
|
|
|a ZDB-2-BUM
|
| 950 |
|
|
|a Business and Management (Springer-41169)
|